| 000 | 00660nam a2200217Ia 4500 | ||
|---|---|---|---|
| 003 | IN-BaIIA | ||
| 008 | 211028s9999 xx 000 0 eng d | ||
| 020 | _a0-88386-133-X | ||
| 040 | _cIIA Library | ||
| 080 |
_a5(091) _bBOS |
||
| 245 | 2 |
_aA concise history of science in India _cedited by D. M. Bose, S. N. Sen and B. V. Subbarayappa |
|
| 260 |
_aNew Delhi _bIndian National Science Academy _c1971 |
||
| 300 | _av, 689p. | ||
| 650 | _aNASA Thesaurus | ||
| 650 | _aScience-General | ||
| 650 |
_aScience-Historical _97074 |
||
| 700 |
_aBose, D. M., ed. _97075 |
||
| 700 |
_aSen, S. N., ed. _97076 |
||
| 700 |
_aSubbarayappa, B. V., ed. _97077 |
||
| 942 | _cBK | ||
| 999 |
_c4002 _d4002 |
||